000 00798nam a22002777a 4500
001 BR6003896
003 BR-BrBNA
005 20230928095845.0
007 ta
008 230509b bl.||||| |||| 00| 0 por d
040 _aBR-BrBNA
_bpor
_cBiblioteca Nacional de Agricultura
041 _a(Por)
072 _aM00; E70
090 _ M00 BR6003896
110 1 _aSuperintendencia do Desenvolvimento da Pesca, Rio de Janeiro, GB (Brasil)
_910048
245 1 _aProjeto do Plano Nacional do Desenvolvimento da Pesca
260 3 _aRio de Janeiro, GB (Brasil):
_c1973.
300 _a19 p.
650 _aPesca
650 _aComercializacao
650 _aDesenvolvimento Pesqueiro
650 _aIndustrializacao
650 _aMao-de-Obra
909 _a202309
_bLucia
_c55
_dLucia Elande
942 _cBK
999 _c59065
_d59065